Score 0/20 Timer 02:00
2 Plays Today
Hint Answer % Correct
Die _____Hard
99.1%
The Whole Nine _____Yards
95%
The _____ SenseSixth
92.6%
Last Man _____Standing
92%
Look Who's ____Talking
87.3%
_____ FictionPulp
87%
The Last _____ ScoutBoy
85.7%
The _____ ElementFifth
74.5%
Breakfast of _____Champions
62.4%
_____ Becomes HerDeath
60.6%
Hint Answer % Correct
_____ CitySin
58.7%
Twelve _____Monkeys
52.3%
Tears of the _____Sun
39.7%
Hart's _____War
39%
Cop _____Out
36.8%
The _____ of the VanitiesBonfire
36.4%
Hudson _____Hawk
33.4%
Nobody's _____Fool
31.7%
Over the ____Hedge
27.7%
Striking _____Distance
20.1%

Today's Daily Dose

Remove Ads.
Support Sporcle.
Get the best of Sporcle when you Go Orange. This ad-free experience offers more features, more stats, and more fun while also helping to support Sporcle. Thank you for becoming a member.

You're not logged in!

Compare scores with friends on all Sporcle quizzes.
OR
Log In

Show Comments

Extras

Top Quizzes Today


Score Distribution

Your Account Isn't Verified!

In order to create a playlist on Sporcle, you need to verify the email address you used during registration. Go to your Sporcle Settings to finish the process.

Report this User

Report this user for behavior that violates our Community Guidelines.

Details: